000 00473nam a2200181Ia 4500
001 8707
005 20260306160629.0
008 260306t2007||||xx |||||||||||||| ||spa||
041 _aESP
082 _a371.3
_bH44 2007
100 _aHernández Forte, Virgilio
_eAUT
245 0 _aMapas conceptuales :
_bla gestión del conocimiento en la didáctica
260 _c2007
300 _a316 páginas :
_c23 cm.
650 _aGEN
654 _aCED
942 _cLIB
_dJUS
_fJUS
_2ddc
_n
999 _c8707
_d8707